000 00629nam a22001937a 4500
003 UA-OsUOA
001 10707
007 ta
008 20050203b un ||||| |||| 00| 0 ukr d
100 _aГорбачов В.
700 _aГурченков О.
942 _cSA
040 _aUA-OsUOA
_cUA-OsUOA
_dUA-OsUOA
245 _aЕвалюція та сучасний стан наукових уявлень про інтенсифікацію виробництва
300 _aС.53-59
955 _a0
773 0 _w0
_tЕкономіка України
_dКиїв
_d2005
_g№1
650 7 _aЕкономічна теорія
_2UDC
999 _c296868
_d296868